Joueurs ayant remporté un MVP - Mort subite - Statistiques

Statistiques générales
  • Ce quiz a été pris 262 fois
  • Le résultat moyen est 7 sur 15
Answers on the Grid
Answers color-coded by a green-red scale on the quiz's grid according to % correct below.
Shai Gilgeous-Alexander
Giannis Antetokounmpo
Joël Embiid
David Robinson
Kawhi Leonard
Damian Lillard
Russel Westbrook
Stephen Curry
Clyde Drexler
James Harden
Scottie Pippen
Bob Pettit
Anthony Davis
Charles Barkley
George Gervin
Bob Cousy
Jimmy Butler
Dwyane Wade
Bob Mcadoo
Nikola Jokić
LeBron James
Dwight Howard
Dirk Nowitzki
Carmelo Anthony
Dominique Wilkins
Dave Cowens
Bill Walton
Jerry West
Gary Payton
Chris Paul
 
Statistiques - réponses
Réponse % Correct
Giannis Antetokounmpo
88%
Stephen Curry
80%
Joël Embiid
72%
Russel Westbrook
65%
LeBron James
64%
Nikola Jokić
61%
James Harden
58%
Dirk Nowitzki
47%
David Robinson
39%
Charles Barkley
32%
Bob Pettit
24%
Bob Cousy
23%
Bill Walton
20%
Bob Mcadoo
12%
Dave Cowens
9%
Aucun quiz correspondant
Distribution des résultats
% des personnes avec chaque résultat
Percentile par nombre de réponses
Votre historique - résultats
Vous n’avez pas pris ce quiz